Sportifs slovènes masculins-Mort subite - Statistiques

Statistiques générales
  • Ce quiz a été pris 39 fois
  • Le résultat moyen est 6 sur 22
Answers on the Grid
Answers color-coded by a green-red scale on the quiz's grid according to % correct below.
Tadej Pogačar
Primoz Roglič
Matej Mohorič
Luka Mezgec
Jan Tratnik
Luka Dončić
Goran Dragić
Peter Prevc
Domen Prevc
Anze Lanisek
Zan Kranjec
Stefan Hadalin
Miha Hrobat
Jakov Fak
Miha Dovzan
Primoz Kozmus
Anze Kopitar
Jan Oblak
Benjamin Sesko
Samir Handanović
Aljaz Bedene
Zan Kosir
Nikola Jokić
Dusan Vlahović
Edin Dzeko
Borna Corić
Evgeni Malkin
Mihkel Räim
Rigoberto Urán
Aleksandar Rakić
Marko Ivović
Ante Zizić
Domagoj Vida
Rade Krunić
Ivan Dodig
Radko Gudas
Peter Sagan
Vlado Milev
Uros Kovacević
Goran Reljić
 
Statistiques - réponses
Réponse % Correct
Tadej Pogačar
76%
Jan Oblak
55%
Benjamin Sesko
52%
Primoz Roglič
45%
Luka Dončić
42%
Matej Mohorič
42%
Jan Tratnik
36%
Peter Prevc
33%
Samir Handanović
33%
Luka Mezgec
30%
Jakov Fak
27%
Domen Prevc
24%
Aljaz Bedene
21%
Zan Kranjec
21%
Miha Dovzan
18%
Goran Dragić
15%
Anze Kopitar
12%
Anze Lanisek
12%
Primoz Kozmus
12%
Zan Kosir
12%
Miha Hrobat
9%
Stefan Hadalin
3%
Aucun quiz correspondant
Distribution des résultats
% des personnes avec chaque résultat
Percentile par nombre de réponses
Votre historique - résultats
Vous n’avez pas pris ce quiz